Pokemon or Made-Up Insult? - Click Quiz - Statistics

General Stats
  • This quiz has been taken 110 times
  • The average score is 26 of 30
Answer Stats
Hint Answer % Correct
Clankydoop Made-up Insult
94%
Whartyhead Made-up Insult
91%
Crookyshnorp Made-up Insult
91%
Flargpiss Made-up Insult
90%
Lugerboob Made-up Insult
90%
Wansyjoogle Made-up Insult
90%
Garbodor Pokemon
90%
Lickitung Pokemon
90%
Barbaracle Pokemon
90%
Knackawookadarp Made-up Insult
89%
Spoink Pokemon
89%
Scraggy Pokemon
88%
Croagunk Pokemon
88%
Rampsnackle Made-up Insult
87%
Mipplepoff Made-up Insult
87%
Habbpecker Made-up Insult
87%
Trubbish Pokemon
87%
Glubberbogg Made-up Insult
86%
Gweeber Made-up Insult
86%
Pidgylittle Made-up Insult
84%
Nibbick Made-up Insult
83%
Stunky Pokemon
83%
Dimpiddle Made-up Insult
82%
Splarky Made-up Insult
82%
Whimsur Pokemon
82%
Conkeldurr Pokemon
82%
Skwovet Pokemon
82%
Clodsire Pokemon
81%
Amoonguss Pokemon
80%
Skrelp Pokemon
79%
No matching quizzes found
Score Distribution
Percent of People with Each Score
Percentile by Number Answered
Your Score History
You have not taken this quiz